[Event "Novi Sad TS 222nd"]
[Site "Novi Sad"]
[Date "2021.11.19"]
[Round "6.1"]
[White "Shivika, Rohilla"]
[Black "Mladenovic, Milan"]
[Result "1-0"]
[WhiteElo "2011"]
[BlackElo "2000"]
[PlyCount "57"]
[EventDate "2021.11.16"]
[EventType "schev"]
[EventRounds "10"]
[EventCountry "SRB"]
[SourceTitle "EXT 2023"]
[Source "ChessBase"]
[SourceDate "2022.10.05"]
[SourceVersion "1"]
[SourceVersionDate "2022.10.05"]
[SourceQuality "1"]
[WhiteTeam "Team B"]
[BlackTeam "Team A"]
[WhiteTeamCountry "SRB"]
[BlackTeamCountry "SRB"]

1. d4 Nf6 2. c4 d6 3. Nc3 Nbd7 4. e4 e5 5. d5 c6 6. f3 Be7 7. Be3 Qc7 8. Nge2 0-0 9. Ng3 Re8 10. Be2 a5 11. Rc1 Bf8 12. 0-0 h5 13. Qd2 Kh7 14. h4 g6 15. Nh1 Nc5 16. Nf2 Bd7 17. Nd3 Rad8 18. Nxc5 dxc5 19. Bg5 Be7 20. d6 Bxd6 21. Bxf6 Be7 22. Bxe7 Rxe7 23. Rcd1 Ree8 24. Qe3 Qb6 25. Na4 Qb4 26. b3 b6 27. Qg5 Kg7 28. Rd3 f6 29. Qc1 1-0

[Event "Novi Sad TS 222nd"]
[Site "Novi Sad"]
[Date "2021.11.18"]
[Round "4.1"]
[White "Aravind, PVS"]
[Black "Mladenovic, Milan"]
[Result "1-0"]
[WhiteElo "1716"]
[BlackElo "2000"]
[PlyCount "43"]
[EventDate "2021.11.16"]
[EventType "schev"]
[EventRounds "10"]
[EventCountry "SRB"]
[SourceTitle "EXT 2023"]
[Source "ChessBase"]
[SourceDate "2022.10.05"]
[SourceVersion "1"]
[SourceVersionDate "2022.10.05"]
[SourceQuality "1"]
[WhiteTeam "Team B"]
[BlackTeam "Team A"]
[WhiteTeamCountry "SRB"]
[BlackTeamCountry "SRB"]

1. e4 c5 2. Nf3 d6 3. c3 e6 4. d4 cxd4 5. cxd4 a6 6. Nc3 Nf6 7. Bd3 Be7 8. 0-0 Nbd7 9. e5 dxe5 10. dxe5 Ng4 11. Qe2 h5 12. h3 Nh6 13. Ne4 Nc5 14. Nxc5 Bxc5 15. Bg5 Be7 16. h4 b5 17. Be4 Ra7 18. Rfd1 Qa5 19. Bc6+ Kf8 20. Qe3 Rc7 21. b4 Nf5 22. Bxe7+ 1-0

[Event "Belgrade Jezero op"]
[Site "Belgrade"]
[Date "2017.08.06"]
[Round "2"]
[White "Mladenovic, Milan"]
[Black "Chelushkina, Irina"]
[Result "0-1"]
[WhiteElo "1980"]
[BlackElo "2238"]
[PlyCount "43"]
[EventDate "2017.08.05"]
[EventType "swiss"]
[EventRounds "9"]
[EventCountry "SRB"]
[SourceTitle "CBM 180 Extra"]
[Source "ChessBase"]
[SourceDate "2017.10.06"]
[SourceVersion "1"]
[SourceVersionDate "2017.10.06"]
[SourceQuality "1"]

1. e4 c5 2. b4 cxb4 3. a3 bxa3 4. Nf3 e6 5. d4 d5 6. e5 Nc6 7. c3 f6 8. Bd3 Qc7 9. Bxa3 fxe5 10. Bxf8 Kxf8 11. dxe5 Nxe5 12. Bc2 Nf6 13. Qd4 Nxf3+ 14. gxf3 e5 15. Qh4 Be6 16. 0-0 g5 17. Qb4+ Qe7 18. Re1 Qxb4 19. cxb4 Rc8 20. Rxe5 Rxc2 21. Rxe6 Rc1+ 22. Kg2 0-1